Webster's dictionary & thesaurus for students : (Record no. 363402)
[ view plain ]
| 000 -LEADER | |
|---|---|
| fixed length control field | 00634nam a2200205Ia 4500 |
| 008 - FIXED-LENGTH DATA ELEMENTS--GENERAL INFORMATION | |
| fixed length control field | 200601s9999 xx 000 0 und d |
| 020 ## - INTERNATIONAL STANDARD BOOK NUMBER | |
| International Standard Book Number | 978-1-59695-017-7 |
| 050 ## - LIBRARY OF CONGRESS CALL NUMBER | |
| Classification number | REF PE 1628 |
| 050 ## - LIBRARY OF CONGRESS CALL NUMBER | |
| Item number | .W43 2006 |
| 245 #0 - TITLE STATEMENT | |
| Title | Webster's dictionary & thesaurus for students : |
| 245 #0 - TITLE STATEMENT | |
| Remainder of title | with full-color world atlas / |
| 260 ## - PUBLICATION, DISTRIBUTION, ETC. (IMPRINT) | |
| Place of publication, distribution, etc | Springfield, Massachusetts : |
| 260 ## - PUBLICATION, DISTRIBUTION, ETC. (IMPRINT) | |
| Name of publisher, distributor, etc | Federal Street Press. |
| 260 ## - PUBLICATION, DISTRIBUTION, ETC. (IMPRINT) | |
| Date of publication, distribution, etc | 2006 |
| 300 ## - PHYSICAL DESCRIPTION | |
| Extent | 819 pages : |
| 300 ## - PHYSICAL DESCRIPTION | |
| Other physical details | illustrations (some color) ; |
| 300 ## - PHYSICAL DESCRIPTION | |
| Dimensions | 24 cm. |
| 650 ## - SUBJECT ADDED ENTRY--TOPICAL TERM | |
| Topical term or geographic name as entry element | English language -- Dictionaries. |
| 650 ## - SUBJECT ADDED ENTRY--TOPICAL TERM | |
| General subdivision | English language -- Synonyms and Antonyms -- Dictionaries. |
| Withdrawn status | Lost status | Damaged status | Home library | Current library | Shelving location | Date acquired | Total Checkouts | Full call number | Barcode | Date last seen | Price effective from | Koha item type |
|---|---|---|---|---|---|---|---|---|---|---|---|---|
| South Mansfield College | South Mansfield College | Reference Section | 01/19/2007 | REF PE 1628 .W43 2006 | SMC03493 | 06/01/2020 | 06/01/2020 | Books |